| 000 | 00826nam a2200241Ia 4500 | ||
|---|---|---|---|
| 003 | GCL | ||
| 008 | 140319s9999 xx 000 0 ara d | ||
| 020 | _a3095810977 | ||
| 040 |
_aGCL / _cGCL |
||
| 082 | 0 | 4 |
_a796.42 _bب س |
| 100 | 1 | _aبسطويسى احمد | |
| 245 | 1 | 0 |
_aسباقات المضمار ومسابقات الميدان : _bتعليم - تكنيك - تدريب / _cبسطويسى احمد |
| 250 | _aالاولى | ||
| 260 |
_aالقاهرة : _bدار الفكر العربى ، _c1997 |
||
| 300 |
_a584 ص ؛ _c24 سم |
||
| 650 | 0 | 4 | _aالالعاب الرياضية |
| 650 | 0 | 4 | _aالتربية البدنية |
| 650 | 0 | 4 | _aالتمرينات الرياضية |
| 650 | 0 | 4 | _aاللياقة البدنية |
| 650 | 0 | 4 | _aسباق الماراثون |
| 650 | 0 | 4 | _aالسباقات |
| 942 |
_2ddc _cBK |
||
| 999 |
_c6067 _d6067 |
||